Gaming Quiz

Random Gaming or Color Quiz
Score 0/40 Timer 08:00
0 Plays Today
Square % Correct
Go
93.6%
Boardwalk
77.3%
Baltic Avenue
76.4%
Park Place
74.7%
Mediterranean Avenue
72.9%
IN JAIL / Just Visiting
71.3%
Reading Railroad
68.8%
Chance
68.7%
Community Chest
68.4%
FREE PARKING
66.1%
Chance
63.8%
GO TO JAIL
63.8%
Illinois Avenue
63.5%
Indiana Avenue
62.9%
Community Chest
61.9%
B&O Railroad
61.5%
Kentucky Avenue
60.9%
Luxury Tax
60.8%
Oriental Avenue
60.6%
Electric Company
60.4%
Square % Correct
Connecticut Avenue
60%
Marvin Gardens
59.8%
Community Chest
59.6%
Water Works
59.5%
New York Avenue
59.4%
Income Tax
59.4%
St. Charles Place
58.1%
Pennsylvania Avenue
57.4%
Chance
57.4%
St. James Place
55.3%
Vermont Avenue
55.3%
Pennsylvania Railroad
54.7%
North Carolina Avenue
54.5%
Tennessee Avenue
54.1%
Virginia Avenue
51.7%
Short Line
51.1%
Ventnor Avenue
48.4%
Atlantic Avenue
47.6%
Pacific Avenue
46.5%
States Avenue
37.5%
Remove Ads.
Support Sporcle.
Get the best of Sporcle when you Go Orange. This ad-free experience offers more features, more stats, and more fun while also helping to support Sporcle. Thank you for becoming a member.

You're not logged in!

Compare scores with friends on all Sporcle quizzes.
OR
Log In

Show Comments

Extras

Top Quizzes Today


Score Distribution

Your Account Isn't Verified!

In order to create a playlist on Sporcle, you need to verify the email address you used during registration. Go to your Sporcle Settings to finish the process.

Report this User

Report this user for behavior that violates our Community Guidelines.

Details: